An introduction to the mathematics of financial derivatives / (Record no. 23676)

MARC details
000 -LEADER
fixed length control field 00937cam a22002655a 4500
001 - CONTROL NUMBER
control field 18180008
005 - DATE AND TIME OF LATEST TRANSACTION
control field 20161221145237.0
008 - FIXED-LENGTH DATA ELEMENTS--GENERAL INFORMATION
fixed length control field 140606t2014 caua frb 001 0 eng d
020 ## - INTERNATIONAL STANDARD BOOK NUMBER
International Standard Book Number 9780123846822
040 ## - CATALOGING SOURCE
Original cataloging agency DLC
Language of cataloging eng
Transcribing agency DLC
Modifying agency DLC
-- EG-ScBUE
082 04 - DEWEY DECIMAL CLASSIFICATION NUMBER
Edition number 22
Classification number 332.632
Item number INT
245 03 - TITLE STATEMENT
Title An introduction to the mathematics of financial derivatives /
Statement of responsibility, etc edited by Ali Hirsa, Salih N. Neftci.
250 ## - EDITION STATEMENT
Edition statement 3rd ed.
260 ## - PUBLICATION, DISTRIBUTION, ETC. (IMPRINT)
Place of publication, distribution, etc San Diego :
Name of publisher, distributor, etc Academic Press / Elsevier,
Date of publication, distribution, etc c.2014.
300 ## - PHYSICAL DESCRIPTION
Extent ix, 444 p. :
Other physical details ill. ;
Dimensions 25 cm.
500 ## - GENERAL NOTE
General note Previous edition published: An introduction to the mathematics of financial derivatives / Salih N. Neftci.
500 ## - GENERAL NOTE
General note Index : p. 439-444.
504 ## - BIBLIOGRAPHY, ETC. NOTE
Bibliography, etc Bibliography : p. 437-438.
650 #7 - SUBJECT ADDED ENTRY--TOPICAL TERM
Topical term or geographic name as entry element Derivative securities
General subdivision Mathematics.
Source of heading or term BUEsh
651 ## - SUBJECT ADDED ENTRY--GEOGRAPHIC NAME
Source of heading or term BUEsh
653 ## - INDEX TERM--UNCONTROLLED
Resource For college BAEPS, Business Administration
Arrived date list December2016
700 1# - ADDED ENTRY--PERSONAL NAME
Personal name Neftci, Salih N.,
Relator term editor.
700 1# - ADDED ENTRY--PERSONAL NAME
Personal name Hirsa, Ali,
Relator term editor.
942 ## - ADDED ENTRY ELEMENTS (KOHA)
Source of classification or shelving scheme Dewey Decimal Classification
Holdings
Withdrawn status Item status Source of classification or shelving scheme Damaged status Not for loan Vendor Home library Current library Shelving location Date acquired Source of acquisition Cost, normal purchase price Serial Enumeration / chronology Total Checkouts Full call number Barcode Date last seen Cost, replacement price Koha item type
    Dewey Decimal Classification     ايمك Central Library Central Library First floor 21/12/2016 Purchase 913.00 3398   332.632 INT 000040561 15/07/2025 1141.25 Book - Borrowing